El mundo negro / (Record no. 97008)

MARC details
000 -LEADER
campo de control de longitud fija 01026nam a2200301 i 4500
001 - NÚMERO DE CONTROL
campo de control 97008
003 - IDENTIFICADOR DE NÚMERO DE CONTROL
campo de control ES-MaACL
005 - FECHA Y HORA DE LA ÚLTIMA TRANSACCIÓN
campo de control 20250802063110.0
007 - CAMPO FIJO DE DESCRIPCIÓN FÍSICA--INFORMACIÓN GENERAL
campo de control de longitud fija t|
008 - DATOS DE LONGITUD FIJA--INFORMACIÓN GENERAL
campo de control de longitud fija 050705s1970 sp ||||1| spa d
017 ## - NÚMERO DE COPYRIGHT O DE DEPÓSITO LEGAL
Número de copyright o de depósito legal M 23653-1970
Agencia que asigna Oficina Depósito Legal Madrid
080 ## - NÚMERO DE LA CLASIFICACIÓN DECIMAL UNIVERSAL
Número de la Clasificación Decimal Universal 308(=96)
080 ## - NÚMERO DE LA CLASIFICACIÓN DECIMAL UNIVERSAL
Número de la Clasificación Decimal Universal 323.12(=96:73)
080 ## - NÚMERO DE LA CLASIFICACIÓN DECIMAL UNIVERSAL
Número de la Clasificación Decimal Universal 008(6=96)
100 1# - ENTRADA PRINCIPAL--NOMBRE DE PERSONA
Nombre de persona Manrique de Lara, José Gerardo,
Fechas asociadas al nombre 1922-2001
Término indicativo de función/relación Autor
9 (RLIN) 76104
245 13 - MENCIÓN DEL TÍTULO
Título El mundo negro /
Mención de responsabilidad, etc. José Gerardo Manrique de Lara
260 ## - PUBLICACIÓN, DISTRIBUCIÓN, ETC.
Lugar de publicación, distribución, etc. Madrid :
Nombre del editor, distribuidor, etc. Ediciones y Publicaciones Españolas,
Fecha de publicación, distribución, etc. 1970
300 ## - DESCRIPCIÓN FÍSICA
Extensión 188 páginas ;
Dimensiones 17 cm
490 1# - MENCIÓN DE SERIE
Mención de serie Grandes escritores contemporáneos.
Nombre de parte o sección de la obra Panoramas ;
Designación de volumen o secuencia 28
RLIN 184401
650 #4 - PUNTO DE ACCESO ADICIONAL DE MATERIA--TÉRMINO DE MATERIA
Término de materia o nombre geográfico como elemento de entrada Personas negras
9 (RLIN) 241497
650 #7 - PUNTO DE ACCESO ADICIONAL DE MATERIA--TÉRMINO DE MATERIA
Término de materia o nombre geográfico como elemento de entrada Afronorteamericanos
Fuente del encabezamiento o término embne
9 (RLIN) 172037
830 #0 - PUNTO DE ACCESO ADICIONAL DE SERIE-TÍTULO UNIFORME
Título uniforme Grandes escritores contemporáneos.
Nombre de parte o sección de la obra Panoramas ;
Designación de volumen o secuencia 28
9 (RLIN) 184401
852 ## - LOCALIZACIÓN
Ubicación ES-MaACL
Ubicación en estantería Sala Pecera Planta 2
Número de control de estantería F-15384
852 ## - LOCALIZACIÓN
Ubicación ES-MaACL
Ubicación en estantería Depósito 2
Número de control de estantería C-44960
942 ## - ELEMENTOS DE ENTRADA SECUNDARIOS (KOHA)
Fuente del sistema de clasificación o colocación Clasificación decimal universal
Tipo de ítem Koha Libro impreso
Suprimir en OPAC No
Holdings
Estatus retirado Estado de pérdida Fuente del sistema de clasificación o colocación Estado de daño No para préstamo Biblioteca de origen Biblioteca actual Ubicación en estantería Fecha de adquisición Número de control de estantería Total de préstamos Signatura topográfica completa Código de barras Visto por última vez Tipo de ítem Koha
    Clasificación decimal universal     Biblioteca del Ateneo de Madrid Biblioteca del Ateneo de Madrid Depósito 2 17/01/2008 1   C-44960 1101278 23/02/2023 Libro impreso
    Clasificación decimal universal     Biblioteca del Ateneo de Madrid Biblioteca del Ateneo de Madrid Sala Pecera Planta 2 17/01/2008 1   F-15384 1101277 23/02/2023 Libro impreso